[Event "Caldaro op 3rd"]
[Site "Caldaro"]
[Date "2018.11.01"]
[Round "1"]
[White "Engl, Stefan"]
[Black "Paveglio, Mattia"]
[Result "1/2-1/2"]
[WhiteElo "2038"]
[BlackElo "1870"]
[PlyCount "56"]
[EventDate "2018.11.01"]
[EventType "swiss"]
[EventRounds "6"]
[EventCountry "ITA"]
[SourceTitle "EXT 2021"]
[Source "ChessBase"]
[SourceDate "2020.10.23"]
[SourceVersion "1"]
[SourceVersionDate "2020.10.23"]
[SourceQuality "1"]

1. e4 e6 2. d4 d5 3. Bd3 dxe4 4. Bxe4 Nf6 5. Bf3 c5 6. Ne2 Nc6 7. c3 cxd4 8. cxd4 Bb4+ 9. Nbc3 0-0 10. 0-0 Ne7 11. Bg5 Ng6 12. g3 h6 13. Be3 Rb8 14. a3 Be7 15. h4 h5 16. Nf4 Nxf4 17. Bxf4 Bd6 18. Bg5 Be7 19. Bxh5 Nxh5 20. Bxe7 Qxe7 21. Qxh5 b6 22. Rfe1 Bb7 23. Rad1 Rbc8 24. Ne4 Bxe4 25. Rxe4 Rc2 26. Re2 Qc7 27. d5 Rd8 28. b4 Rxe2 1/2-1/2

[Event "Caldaro Puntay op-A 1st"]
[Site "Caldaro"]
[Date "2016.10.22"]
[Round "2"]
[White "Engl, Stefan"]
[Black "De Nisi, Roberta"]
[Result "1/2-1/2"]
[WhiteElo "2034"]
[BlackElo "1852"]
[PlyCount "104"]
[EventDate "2016.10.21"]
[EventType "swiss"]
[EventRounds "5"]
[EventCountry "ITA"]
[SourceTitle "EXT 2018"]
[Source "ChessBase"]
[SourceDate "2017.10.13"]
[SourceVersion "1"]
[SourceVersionDate "2017.10.13"]
[SourceQuality "1"]

1. e4 e6 2. d4 d5 3. Nd2 Nf6 4. e5 Nfd7 5. Bd3 c5 6. c3 Nc6 7. Ne2 Be7 8. 0-0 0-0 9. f4 f5 10. exf6 gxf6 11. Nf3 f5 12. Be3 c4 13. Bc2 Nf6 14. Ne5 Bd7 15. Kh1 Kh8 16. Ng3 Nxe5 17. fxe5 Ng4 18. Bf4 Bg5 19. Qd2 Rg8 20. Bd1 Bxf4 21. Rxf4 Qh4 22. Bxg4 Rxg4 23. Rxg4 Qxg4 24. Qh6 Qg6 25. Qh4 Rg8 26. Rf1 Qg5 27. Rf4 Be8 28. Kg1 h6 29. Kf2 Kh7 30. Kf3 a5 31. Qh3 b5 32. a3 Rg7 33. Rh4 b4 34. axb4 axb4 35. Ne2 b3 36. Nf4 Bf7 37. g4 fxg4+ 38. Rxg4 Qxg4+ 39. Qxg4 Rxg4 40. Kxg4 Kg7 41. h3 Kh7 42. h4 Kg7 43. h5 Kh7 44. Ng2 Kg7 45. Nh4 Kh7 46. Nf3 Kg7 47. Nd2 Kh7 48. Nb1 Kg7 49. Na3 Kf8 50. Nb5 Ke7 51. Nd6 Be8 52. Nxe8 Kxe8 1/2-1/2

[Event "Ortisei Server24 op 3rd"]
[Site "Ortisei"]
[Date "2016.06.07"]
[Round "5"]
[White "Engl, Stefan"]
[Black "Castellanos Rodriguez, Renier"]
[Result "1/2-1/2"]
[WhiteElo "1964"]
[BlackElo "2484"]
[PlyCount "86"]
[EventDate "2016.06.04"]
[EventType "swiss"]
[EventRounds "9"]
[EventCountry "ITA"]
[SourceTitle "CBM 172 Extra"]
[Source "ChessBase"]
[SourceDate "2016.06.21"]
[SourceVersion "1"]
[SourceVersionDate "2016.06.21"]
[SourceQuality "1"]

1. e4 c5 2. d4 cxd4 3. c3 d3 4. Bxd3 Nc6 5. Nf3 d6 6. h3 g6 7. 0-0 Bg7 8. c4 Nf6 9. Nc3 Nd7 10. Be3 Bxc3 11. bxc3 0-0 12. Nd4 Nde5 13. c5 dxc5 14. Nxc6 Nxc6 15. Bb5 Qc7 16. Bxc5 Na5 17. Bb4 Be6 18. Qa4 b6 19. Bxa5 bxa5 20. Rac1 Rfd8 21. Rfd1 Rxd1+ 22. Qxd1 Rd8 23. Qe2 Qc5 24. a4 Kg7 25. c4 Bc8 26. Qe3 Qxe3 27. fxe3 a6 28. Bc6 Rd6 29. Ba8 Rd7 30. c5 Rc7 31. Bd5 e6 32. Bb3 Kf6 33. Rc4 Bb7 34. Kf2 Ke5 35. Bc2 g5 36. g4 h6 37. Ke1 Bc6 38. Rd4 Bb7 39. Rc4 Rc8 40. Kd2 Bc6 41. Kc3 Bb7 42. Kd2 Rc7 43. Kc3 Rc8 1/2-1/2

[Event "Arco op 37th"]
[Site "Arco"]
[Date "2015.10.15"]
[Round "6"]
[White "Engl, Stefan"]
[Black "Trauth, Michael"]
[Result "0-1"]
[WhiteElo "1946"]
[BlackElo "2166"]
[PlyCount "56"]
[EventDate "2015.10.10"]
[EventType "swiss"]
[EventRounds "9"]
[EventCountry "ITA"]
[SourceTitle "CBM 168 Extra"]
[Source "ChessBase"]
[SourceDate "2015.10.29"]
[SourceVersion "1"]
[SourceVersionDate "2015.10.29"]
[SourceQuality "1"]

1. e4 c5 2. d4 cxd4 3. c3 d5 4. exd5 Qxd5 5. cxd4 Nc6 6. Nf3 e5 7. Nc3 Bb4 8. Bd2 Bxc3 9. Bxc3 exd4 10. Nxd4 Nge7 11. Nb5 Qe6+ 12. Be2 0-0 13. Nc7 Qe4 14. Nxa8 Rd8 15. Qxd8+ Nxd8 16. 0-0 Bg4 17. Bxg4 Qxg4 18. Rfe1 Ne6 19. Rad1 h5 20. h3 Qg6 21. Rd6 Nf5 22. Rexe6 fxe6 23. Rd7 Qe8 24. Nb6 axb6 25. Rxb7 Qc6 26. Ra7 Nd4 27. Kh1 e5 28. a4 Qe4 0-1

[Event "Arco op 37th"]
[Site "Arco"]
[Date "2015.10.13"]
[Round "4"]
[White "Engl, Stefan"]
[Black "Sprotte, Norbert"]
[Result "0-1"]
[WhiteElo "1946"]
[BlackElo "2206"]
[PlyCount "108"]
[EventDate "2015.10.10"]
[EventType "swiss"]
[EventRounds "9"]
[EventCountry "ITA"]
[SourceTitle "CBM 168 Extra"]
[Source "ChessBase"]
[SourceDate "2015.10.29"]
[SourceVersion "1"]
[SourceVersionDate "2015.10.29"]
[SourceQuality "1"]

1. e4 e6 2. d4 d5 3. Nd2 Nc6 4. Ngf3 Nf6 5. e5 Nd7 6. Bb5 a6 7. Bxc6 bxc6 8. Nb3 c5 9. Bg5 Be7 10. Bxe7 Qxe7 11. c3 a5 12. 0-0 a4 13. Nxc5 Nxc5 14. dxc5 Qxc5 15. Qd4 Qe7 16. b4 0-0 17. Rab1 c6 18. c4 Ba6 19. b5 c5 20. Qh4 Qxh4 21. Nxh4 Bb7 22. cxd5 Bxd5 23. Rfc1 Bxa2 24. Ra1 Bd5 25. Nf3 Rfc8 26. Nd2 Ra5 27. Nc4 Bxc4 28. Rxc4 a3 29. Kf1 h5 30. Ke2 Rxb5 31. Rxa3 Rb2+ 32. Ke3 Rd8 33. Rxc5 Rdd2 34. h4 Re2+ 35. Kd4 Rxf2 36. Rc8+ Kh7 37. g3 Rbd2+ 38. Ke4 Rf5 39. Rc5 Re2+ 40. Re3 Ra2 41. Kd4 Kg6 42. Rcc3 Ra4+ 43. Rc4 Ra5 44. Rc5 Rxc5 45. Kxc5 f6 46. Kd6 Rxe5 47. Rxe5 fxe5 48. Kxe5 Kf7 49. Ke4 Kf6 50. g4 hxg4 51. Kf4 g3 52. Kxg3 Kf5 53. Kf3 e5 54. h5 Kg5 0-1

[Event "Arco op 37th"]
[Site "Arco"]
[Date "2015.10.12"]
[Round "3"]
[White "Sardo, Gabriele"]
[Black "Engl, Stefan"]
[Result "0-1"]
[WhiteElo "2155"]
[BlackElo "1946"]
[PlyCount "148"]
[EventDate "2015.10.10"]
[EventType "swiss"]
[EventRounds "9"]
[EventCountry "ITA"]
[SourceTitle "CBM 168 Extra"]
[Source "ChessBase"]
[SourceDate "2015.10.29"]
[SourceVersion "1"]
[SourceVersionDate "2015.10.29"]
[SourceQuality "1"]

1. d4 e6 2. c4 f5 3. g3 Nf6 4. Bg2 d5 5. Nh3 c6 6. Qc2 Bd6 7. 0-0 0-0 8. Bf4 Be7 9. a3 h6 10. Bxb8 Rxb8 11. Nf4 Qe8 12. Nd2 Ne4 13. Nf3 g5 14. Nd3 Nd6 15. Nfe5 Kg7 16. c5 Nf7 17. Qc3 Nxe5 18. dxe5 b6 19. b4 Ba6 20. Rfb1 Qd7 21. a4 bxc5 22. bxc5 Qc7 23. f4 Kf7 24. Kf2 Bxd3 25. exd3 Rb7 26. Bf3 Rfb8 27. Rxb7 Qxb7 28. Bh5+ Kf8 29. d4 g4 30. Re1 Qa6 31. Re2 Qxa4 32. Rb2 Rxb2+ 33. Qxb2 Qb5 34. Qxb5 cxb5 35. Ke2 b4 36. Kd3 a5 37. Kc2 a4 38. Bg6 Bd8 39. Kb2 Ba5 40. Kb1 Ke7 41. Kb2 b3 42. c6 Bb6 43. Ka3 Bxd4 44. c7 Kd7 45. Bf7 Kxc7 46. Bxe6 Bg1 47. Bxf5 Bxh2 48. Kxa4 h5 49. Kxb3 Bxg3 50. Kc3 Bf2 51. Kd3 Kc6 52. Ke2 Bg1 53. Kd3 Kc5 54. e6 Kd6 55. Ke2 Ke7 56. Bg6 Kxe6 57. Bxh5 Kf5 58. Bf7 d4 59. Kf1 Be3 60. Kg2 Kxf4 61. Bg6 Bd2 62. Bh7 Be1 63. Bg6 Ke3 64. Bf5 g3 65. Bg4 d3 66. Kf1 Kd2 67. Bf3 Bf2 68. Be4 Ke3 69. Bf3 Kd4 70. Bg2 Kc3 71. Be4 Kd4 72. Bg2 d2 73. Ke2 Kc3 74. Kd1 Kd3 0-1

[Event "Omegna op-A 2nd"]
[Site "Omegna"]
[Date "2014.08.09"]
[Round "2"]
[White "Engl, Stefan"]
[Black "Medici, Simone"]
[Result "0-1"]
[WhiteElo "1912"]
[BlackElo "2076"]
[PlyCount "66"]
[EventDate "2014.08.08"]
[EventType "swiss"]
[EventRounds "5"]
[EventCountry "ITA"]
[SourceTitle "EXT 2024"]
[Source "ChessBase"]
[SourceDate "2023.10.10"]
[SourceVersion "1"]
[SourceVersionDate "2023.10.10"]
[SourceQuality "1"]

1. e4 e5 2. Nf3 d6 3. d4 exd4 4. Nxd4 Be7 5. Nc3 Nf6 6. Bc4 0-0 7. f3 a6 8. a4 c6 9. 0-0 d5 10. exd5 cxd5 11. Bd3 Bc5 12. Nce2 Nc6 13. c3 h6 14. b4 Ba7 15. Kh1 Re8 16. Nxc6 bxc6 17. Nd4 Qd6 18. Ba3 Bb8 19. g3 Re5 20. Bc1 Rh5 21. Bf4 Qd7 22. Bxb8 Rxb8 23. Qd2 Qd6 24. Qf2 c5 25. Ne2 cxb4 26. Nf4 Re5 27. cxb4 Rxb4 28. Rfc1 Bb7 29. Rab1 d4 30. Rxb4 Qxb4 31. Rb1 Qe7 32. a5 Re3 33. Be2 g5 0-1